Countries that recognize Taiwan - Statistics

General Stats
  • This quiz has been taken 34 times
  • The average score is 13 of 20
Answer Stats
Continent Country % Correct
North America Honduras
96%
North America El Salvador
82%
North America Guatemala
82%
North America Belize
79%
North America Haiti
79%
North America Nicaragua
79%
Oceania Tuvalu
79%
Oceania Palau
75%
South America Paraguay
75%
Oceania Kiribati
71%
Oceania Marshall Islands
71%
Oceania Nauru
71%
Oceania Solomon Islands
71%
North America Dominican Republic
61%
Europe Vatican City
61%
North America Saint Lucia
50%
North America Saint Vincent and the Grenadines
50%
North America Saint Kitts and Nevis
46%
Africa Burkina Faso
36%
Africa Swaziland
32%
No matching quizzes found
Score Distribution
Percent of People with Each Score
Percentile by Number Answered
Your Score History
You have not taken this quiz